Trayectoria de divisiones -la izquierda costarricense- y cuatro entrevistas

Gorde:
Xehetasun bibliografikoak
Formatua: Texto
Gaiak:
Etiketak: Etiketa erantsi
Etiketarik gabe, Izan zaitez lehena erregistro honi etiketa jartzen!

MARC

LEADER 00000 a a2200000 04500
001 12080
003
040
245 |a Trayectoria de divisiones -la izquierda costarricense- y cuatro entrevistas  
650 |a COMUNISMO  
650 |a PARTIDOS POLITICOS  
650 |a POLITICA  
650 |a ELECCIONES  
773 |g número 31; páginas 43-50  
999 |c 30491  |d 30491